000 00530 a2200181 4500
999 _c29803
_d29803
003 NUST
005 20180118123457.0
008 180118b xxu||||| |||| 00| 0 eng d
020 _a0824706927
020 _a9780824706920
082 _a541.369
100 1 _aKaufman, Myron.
_98737
245 1 0 _aPrinciples of thermodynamics /
_cMyron Kaufman.
260 _a[S.l.] :
_bCRC Press,
_c2002.
300 _a408 p. ;
_c24 cm.
490 1 _aUndergraduate chemistry: a series of textbooks.
700 _aKaufman, Myron.
_98737
830 _aUndergraduate chemistry: a series of textboo
_98738
942 _aSNS
_cBK
_k541.369 KAU
_2ddc